|
|
|
|
| LEADER |
01222nam a2200301 a 4500 |
| 001 |
4368828 |
| 008 |
090714s1989 enk b 001 0 eng d |
| 010 |
|
|
|a 90166503
|
| 020 |
|
|
|a 0140437266
|
| 040 |
|
|
|a Uk
|c Uk
|d IDeKN
|d DLC
|d DLC
|
| 082 |
0 |
4 |
|a 821/.8
|2 20
|
| 100 |
1 |
|
|a Browning, Robert,
|d 1812-1889.
|
| 240 |
1 |
0 |
|a Poems.
|k Selections
|
| 245 |
1 |
0 |
|a Robert Browning :
|b selected poems /
|c edited with an introduction and notes by Daniel Karlin.
|
| 260 |
|
|
|a Harmondsworth ;
|a London :
|b Penguin,
|c 1989.
|
| 300 |
|
|
|a 340 p. ;
|c 19 cm.
|
| 490 |
1 |
|
|a Penguin classics.
|
| 500 |
|
|
|a Cover title: Robert Browning : selected poetry.
|
| 500 |
|
|
|a "A Penguin original"--Label on cover.
|
| 504 |
|
|
|a Includes bibliographical references and index.
|
| 541 |
1 |
|
|e 00011983
|
| 600 |
|
0 |
|a Browning, Robert,
|y 1812-1889
|x Criticism and interpretation
|
| 700 |
1 |
|
|a Karlin, Daniel,
|d 1953-
|
| 740 |
0 |
|
|a Robert Browning.
|
| 740 |
0 |
|
|a Selected poetry.
|
| 852 |
4 |
|
|a Ayesha Abed Library
|j General shelf
|
| 999 |
|
|
|c 2407
|d 2407
|
| 952 |
|
|
|0 0
|1 0
|2 ddc
|4 0
|6 821_800000000000000_BRO
|7 0
|9 2226
|a BRACUL
|b BRACUL
|c GEN
|d 2009-07-14
|g 0.00
|l 3
|m 7
|o 821.8 BRO
|p 3010011983
|r 2020-02-11
|s 2019-12-29
|t 1
|w 2009-07-14
|y BK
|x No price found in the accession register.
|